[Event "11. Europa ch 2010 Femenino"]
[Site "Rijeka CRO"]
[Date "2010.03.16"]
[Round "10.21"]
[White "Nebolsina, Vera"]
[Black "Arakhamia Grant, Ketevan"]
[Result "1-0"]
[WhiteElo "2310"]
[BlackElo "2447"]
[PlyCount "147"]
[EventDate "2010.03.06"]
[EventType "swiss"]
[EventRounds "11"]
[EventCountry "CRO"]
[Source "lmi"]
[SourceDate "2010.03.06"]

1. d4 Nf6 2. Nf3 g6 3. c4 Bg7 4. g3 O-O 5. Bg2 d6 6. O-O Nbd7 7. Qc2 e5 8. Rd1
Re8 9. e4 c6 10. Nc3 Qe7 11. Be3 exd4 12. Nxd4 Ng4 13. Bf4 Nge5 14. b3 Nc5 15.
h3 a5 16. Be3 h5 17. f4 Ned7 18. Bf2 Nf6 19. Re1 h4 20. g4 Nxg4 21. hxg4 Bxg4
22. Nf3 h3 23. Nh2 Bd7 24. Bh1 Ne6 25. Be3 Qh4 26. Ne2 Bxa1 27. Rxa1 d5 28. Rd1
d4 29. Bf2 Qe7 30. Nf3 c5 31. Bh4 Qf8 32. Ne5 Qh6 33. Bg3 Nf8 34. Nxd7 Nxd7 35.
e5 Rad8 36. Kh2 Nf8 37. Nc1 Ne6 38. Nd3 b6 39. Rg1 Ng7 40. Nf2 d3 41. Qd2 Qh5
42. Ne4 Re6 43. Ng5 Re7 44. Bf3 Qh6 45. Bd5 Ne6 46. Ne4 Kg7 47. f5 Qxd2+ 48.
Nxd2 gxf5 49. Bh4+ Kf8 50. Bxe6 fxe6 51. Bxe7+ Kxe7 52. Rg7+ Kf8 53. Rb7 Rd4
54. Kxh3 Rf4 55. Kg3 Rg4+ 56. Kf2 Rh4 57. Nf3 Re4 58. Rd7 Re2+ 59. Kg3 Rxa2 60.
Rxd3 Ra3 61. Kf4 a4 62. Rd8+ Ke7 63. Ra8 Rxb3 64. Ra7+ Ke8 65. Ng5 Rb4 66. Nxe6
Rxc4+ 67. Kxf5 Rc1 68. Ng7+ Kd8 69. e6 Re1 70. Kf6 c4 71. e7+ Rxe7 72. Rxe7 b5
73. Nf5 a3 74. Nd6 1-0

[Event "11. Europa ch 2010 Femenino"]
[Site "Rijeka CRO"]
[Date "2010.03.16"]
[Round "10.23"]
[White "Mkrtchian, Lilit"]
[Black "Arabidze, Meri"]
[Result "1-0"]
[WhiteElo "2503"]
[BlackElo "2292"]
[PlyCount "69"]
[EventDate "2010.03.06"]
[EventType "swiss"]
[EventRounds "11"]
[EventCountry "CRO"]
[Source "lmi"]
[SourceDate "2010.03.06"]

1. d4 Nf6 2. c4 e6 3. Nc3 Bb4 4. Qc2 O-O 5. a3 Bxc3+ 6. Qxc3 b6 7. Bg5 Bb7 8.
e3 d6 9. Ne2 Nbd7 10. Qc2 c5 11. Rd1 Rc8 12. Nc3 Qe7 13. d5 a6 14. a4 Rfe8 15.
Be2 Qf8 16. O-O h6 17. Bh4 exd5 18. cxd5 c4 19. Rd4 b5 20. axb5 axb5 21. Nxb5
Bxd5 22. Qd1 Rc5 23. Nc3 Be6 24. Rxd6 Rb8 25. Qd4 Rcc8 26. f4 Nc5 27. Bxf6 Nb3
28. Qd1 gxf6 29. f5 Rd8 30. Rxd8 Rxd8 31. Qe1 Bc8 32. Rf4 Nd2 33. Qh4 Rd6 34.
Rd4 Bxf5 35. Qg3+ 1-0

[Event "11. Europa ch 2010 Femenino"]
[Site "Rijeka CRO"]
[Date "2010.03.16"]
[Round "10.24"]
[White "Gaponenko, Inna"]
[Black "Mamedjarova, Zeinab"]
[Result "1-0"]
[WhiteElo "2472"]
[BlackElo "2289"]
[PlyCount "39"]
[EventDate "2010.03.06"]
[EventType "swiss"]
[EventRounds "11"]
[EventCountry "CRO"]
[Source "lmi"]
[SourceDate "2010.03.06"]

1. e4 e5 2. Nf3 Nc6 3. Bb5 Nge7 4. Nc3 g6 5. d4 exd4 6. Nd5 Nxd5 7. exd5 Qe7+
8. Kf1 Qc5 9. Qe2+ Ne7 10. Bg5 Bg7 11. Re1 f6 12. b4 Qxb4 13. Bd2 Qc5 14. Nxd4
Kd8 15. Nb3 Qa3 16. Bc1 Qb4 17. c3 Qd6 18. Bf4 Qa3 19. d6 Nd5 20. c4 1-0

[Event "11. Europa ch 2010 Femenino"]
[Site "Rijeka CRO"]
[Date "2010.03.16"]
[Round "10.25"]
[White "Dolzhikova, Kateryna"]
[Black "Majdan, Joanna"]
[Result "1/2-1/2"]
[WhiteElo "2290"]
[BlackElo "2364"]
[PlyCount "139"]
[EventDate "2010.03.06"]
[EventType "swiss"]
[EventRounds "11"]
[EventCountry "CRO"]
[Source "lmi"]
[SourceDate "2010.03.06"]

1. e4 c5 2. g3 Nc6 3. Bg2 g6 4. Ne2 Bg7 5. c3 d6 6. O-O Nf6 7. d4 cxd4 8. cxd4
O-O 9. Nbc3 Bd7 10. h3 e5 11. d5 Ne7 12. Be3 Ne8 13. Qd2 f5 14. f4 b5 15. a3 a5
16. fxe5 Bxe5 17. Bd4 Bxd4+ 18. Qxd4 Nc8 19. exf5 gxf5 20. Rf2 Ng7 21. Raf1 Ne7
22. Ne4 Ng6 23. Nd2 Qe7 24. Nf4 Nxf4 25. gxf4 Rae8 26. Rf3 Nh5 27. Qf2 Qg7 28.
Nb3 a4 29. Nd4 Re4 30. Rd1 Kh8 31. Kh2 Rg8 32. Rd2 Nxf4 33. Rxf4 Qxg2+ 34. Qxg2
Rxg2+ 35. Kxg2 Rxf4 36. Ne6 Rh4 37. Ng5 Kg7 38. Kg3 Rh5 39. Ne6+ Kf6 40. Re2
f4+ 41. Nxf4 Re5 42. Rd2 Kf5 43. Kf3 Re4 44. Ne2 Rh4 45. Kg3 Kg5 46. Ng1 Re4
47. Nf3+ Kf6 48. Rc2 Re3 49. Kf4 Rd3 50. Rc7 Bf5 51. Ng5 Rxd5 52. Nxh7+ Bxh7
53. Rxh7 Rd2 54. Rb7 Rxb2 55. h4 Rb3 56. h5 Rxa3 57. Rxb5 Rb3 58. Ra5 Rb4+ 59.
Ke3 Ke6 60. h6 Rh4 61. h7 Rh3+ 62. Kd2 Rxh7 63. Rxa4 Ke5 64. Rb4 d5 65. Rg4 Rh3
66. Ke2 Rh2+ 67. Kd3 Ra2 68. Rg5+ Kd6 69. Rg8 Ra3+ 70. Kd4 1/2-1/2

[Event "11. Europa ch 2010 Femenino"]
[Site "Rijeka CRO"]
[Date "2010.03.16"]
[Round "10.26"]
[White "Cosma, Elena Luminita"]
[Black "Melnikova, Yana"]
[Result "1/2-1/2"]
[WhiteElo "2346"]
[BlackElo "2272"]
[PlyCount "65"]
[EventDate "2010.03.06"]
[EventType "swiss"]
[EventRounds "11"]
[EventCountry "CRO"]
[Source "lmi"]
[SourceDate "2010.03.06"]

1. d4 Nf6 2. Nf3 e6 3. c4 c5 4. g3 cxd4 5. Nxd4 Nc6 6. Nb3 d5 7. cxd5 Nxd5 8.
Bg2 Bb4+ 9. Bd2 O-O 10. O-O a5 11. a3 Be7 12. Nc3 Nxc3 13. Bxc3 a4 14. Nd4 Qb6
15. Nxc6 bxc6 16. Qd4 Qxd4 17. Bxd4 Rd8 18. Rfd1 Ra6 19. e3 c5 20. Bxc5 Rxd1+
21. Rxd1 Bxc5 22. Rd8+ Bf8 23. Rxc8 Rb6 24. Bc6 Rxb2 25. Bxa4 f6 26. Bc2 h5 27.
h4 Kf7 28. a4 Ra2 29. Rc4 Be7 30. Kg2 Bd8 31. Kf3 Ba5 32. Rc5 Bb4 33. Rc6
1/2-1/2

[Event "11. Europa ch 2010 Femenino"]
[Site "Rijeka CRO"]
[Date "2010.03.16"]
[Round "10.27"]
[White "Medic, Mirjana"]
[Black "Gvetadze, Sopio"]
[Result "0-1"]
[WhiteElo "2279"]
[BlackElo "2342"]
[PlyCount "96"]
[EventDate "2010.03.06"]
[EventType "swiss"]
[EventRounds "11"]
[EventCountry "CRO"]
[Source "lmi"]
[SourceDate "2010.03.06"]

1. d4 Nf6 2. Nf3 e6 3. c4 d5 4. Nc3 Bb4 5. e3 O-O 6. Bd3 c5 7. O-O Nc6 8. a3
Bxc3 9. bxc3 Qa5 10. Bd2 Qc7 11. Qe2 b6 12. h3 Bb7 13. cxd5 exd5 14. dxc5 bxc5
15. c4 d4 16. Rfb1 Rfe8 17. Qf1 Rad8 18. exd4 Nxd4 19. Nxd4 Rxd4 20. Be3 Rh4
21. Bg5 Rh5 22. Qc1 Bxg2 23. Kxg2 Qd7 24. h4 Qxd3 25. Qf4 h6 26. Bxf6 Rf5 27.
Rd1 Qc2 28. Rd2 Rxf4 29. Rxc2 Rxf6 30. Rd1 Re4 31. Rd8+ Kh7 32. Rd5 Rff4 33.
Rxc5 Rxh4 34. Rc7 Reg4+ 35. Kf3 a5 36. c5 Rc4 37. Rd2 Rh5 38. Rxf7 Rcxc5 39.
Ke2 Rc3 40. Rd3 Re5+ 41. Kd2 Rxd3+ 42. Kxd3 Kg6 43. Rb7 h5 44. a4 h4 45. Rb5
Rf5 46. Ke3 Kf6 47. f4 Rxb5 48. axb5 Ke7 0-1

[Event "11. Europa ch 2010 Femenino"]
[Site "Rijeka CRO"]
[Date "2010.03.16"]
[Round "10.29"]
[White "Schneider, Veronika"]
[Black "Tarasova, Viktoriya"]
[Result "1-0"]
[WhiteElo "2314"]
[BlackElo "2261"]
[PlyCount "75"]
[EventDate "2010.03.06"]
[EventType "swiss"]
[EventRounds "11"]
[EventCountry "CRO"]
[Source "lmi"]
[SourceDate "2010.03.06"]

1. e4 e5 2. Nf3 Nc6 3. d4 exd4 4. Nxd4 Nf6 5. Nxc6 bxc6 6. e5 Qe7 7. Qe2 Nd5 8.
c4 Nb6 9. Nc3 Qe6 10. Qe4 g6 11. Bd2 Bg7 12. c5 Nd5 13. Bc4 Qxe5 14. Qxe5+ Bxe5
15. O-O-O O-O 16. Bxd5 cxd5 17. Nxd5 Rb8 18. b3 Bb7 19. Ba5 Bxd5 20. Rxd5 Rb5
21. b4 d6 22. a4 Rb7 23. c6 Rbb8 24. Kc2 Rbc8 25. Re1 a6 26. g3 f5 27. f4 Bf6
28. Kd3 Kf7 29. Kc4 h6 30. Re2 Rg8 31. b5 axb5+ 32. Rxb5 Bd8 33. Rb7 Re8 34.
Rxe8 Kxe8 35. Bc3 Ra8 36. Kb5 Ke7 37. a5 d5 38. a6 1-0

[Event "11. Europa ch 2010 Femenino"]
[Site "Rijeka CRO"]
[Date "2010.03.16"]
[Round "10.31"]
[White "Franciskovic, Borka"]
[Black "Borosova, Zuzana"]
[Result "1-0"]
[WhiteElo "2245"]
[BlackElo "2307"]
[PlyCount "91"]
[EventDate "2010.03.06"]
[EventType "swiss"]
[EventRounds "11"]
[EventCountry "CRO"]
[Source "lmi"]
[SourceDate "2010.03.06"]

1. Nf3 d5 2. g3 Nc6 3. c4 dxc4 4. Qa4 e5 5. Bg2 f6 6. Qxc4 Qd6 7. Nc3 Be6 8.
Qa4 Nge7 9. O-O Qb4 10. Qc2 O-O-O 11. d3 h5 12. Bd2 Qg4 13. Rfc1 h4 14. Nb5 Kb8
15. Be3 Rc8 16. Qd2 hxg3 17. fxg3 a6 18. a4 Qb4 19. Ba7+ Ka8 20. Qxb4 Nxb4 21.
Nxc7+ Rxc7 22. Rxc7 Kxa7 23. Ng5 Bd5 24. Nf7 Rh7 25. Nd8 Bxg2 26. Kxg2 Nec6 27.
Rxb7+ Ka8 28. Rd7 Nb8 29. Rf7 Rh8 30. Rc1 Nd5 31. Nc6 Nxc6 32. Rxc6 Bb4 33. e4
Ne7 34. Rxa6+ Kb7 35. Re6 Re8 36. Rxg7 Kc7 37. Rxf6 Kd7 38. Rb6 Bc5 39. Rb3 Rf8
40. Rb7+ Ke6 41. h4 Rf2+ 42. Kh3 Rd2 43. a5 Rxd3 44. a6 Kf6 45. Rgxe7 Bxe7 46.
a7 1-0

[Event "11. Europa ch 2010 Femenino"]
[Site "Rijeka CRO"]
[Date "2010.03.16"]
[Round "10.32"]
[White "Mrvova, Alena"]
[Black "Purtseladze, Maka"]
[Result "1/2-1/2"]
[WhiteElo "2239"]
[BlackElo "2299"]
[PlyCount "131"]
[EventDate "2010.03.06"]
[EventType "swiss"]
[EventRounds "11"]
[EventCountry "CRO"]
[Source "lmi"]
[SourceDate "2010.03.06"]

1. e4 c6 2. d4 d5 3. Nc3 dxe4 4. Nxe4 Bf5 5. Ng3 Bg6 6. Bc4 e6 7. N1e2 Bd6 8.
Nf4 Nf6 9. c3 Nd5 10. Nxg6 hxg6 11. Ne4 Be7 12. Qf3 Nd7 13. h3 e5 14. O-O exd4
15. cxd4 N7b6 16. Bb3 O-O 17. Bd2 Nf6 18. Bc3 Nxe4 19. Qxe4 Nd5 20. Rae1 Bf6
21. Qf3 Qd7 22. Re4 Rfe8 23. Rfe1 Rxe4 24. Rxe4 a5 25. a4 b6 26. h4 Kf8 27. Bc2
Re8 28. h5 Rxe4 29. Bxe4 gxh5 30. Qxh5 g6 31. Qf3 Kg7 32. g3 Qd6 33. Kg2 Nxc3
34. bxc3 c5 35. d5 Qd7 36. Bc2 c4 37. Qe4 b5 38. axb5 Qxb5 39. d6 Bxc3 40. d7
Bf6 41. Qe8 Qd5+ 42. Be4 Qd2 43. Qa8 Qxd7 44. Qxa5 c3 45. Qa2 Bd8 46. Qc2 Bf6
47. Qd3 Qc7 48. Qe2 Bd4 49. Bc2 Bb6 50. Qf3 Qc5 51. Qe2 Qd4 52. Bd3 Bc5 53. Qf3
f5 54. Qb7+ Kf6 55. Qc6+ Bd6 56. Qf3 Ke6 57. Kf1 Qe5 58. Qe2 g5 59. Qf3 Qc5 60.
g4 fxg4 61. Qxg4+ Ke7 62. Qe4+ Kd7 63. Qf5+ Qxf5 64. Bxf5+ Ke7 65. Ke2 Kf6 66.
Bg4 1/2-1/2

[Event "11. Europa ch 2010 Femenino"]
[Site "Rijeka CRO"]
[Date "2010.03.16"]
[Round "10.35"]
[White "Bojkovic, Natasa"]
[Black "Worek, Joanna"]
[Result "1/2-1/2"]
[WhiteElo "2384"]
[BlackElo "2245"]
[PlyCount "73"]
[EventDate "2010.03.06"]
[EventType "swiss"]
[EventRounds "11"]
[EventCountry "CRO"]
[Source "lmi"]
[SourceDate "2010.03.06"]

1. e4 c5 2. c3 d5 3. exd5 Qxd5 4. Nf3 Nf6 5. d4 e6 6. Bd3 Be7 7. O-O O-O 8. Be3
Rd8 9. Qe2 Nc6 10. a3 b6 11. Nbd2 Bb7 12. Rad1 cxd4 13. cxd4 g6 14. h3 Bf8 15.
Nc4 Bg7 16. Nce5 Ne7 17. Bc4 Qd6 18. Bf4 Ned5 19. Bh2 Qe7 20. Ba6 Bh6 21. Rfe1
Bxa6 22. Qxa6 Rac8 23. Bg3 Re8 24. Bh4 Rc7 25. Ng5 Qf8 26. Rc1 Rec8 27. Rxc7
Rxc7 28. Nexf7 Rxf7 29. Nxf7 Qxf7 30. Qc8+ Bf8 31. Rxe6 Ne7 32. Qc4 Nfd5 33.
Re1 Nf5 34. Bg5 h6 35. Bd2 Bg7 36. Qc8+ Kh7 37. Bc3 1/2-1/2

[Event "11. Europa ch 2010 Femenino"]
[Site "Rijeka CRO"]
[Date "2010.03.16"]
[Round "10.37"]
[White "Przezdziecka, Marta"]
[Black "Dworakowska, Joanna"]
[Result "1-0"]
[WhiteElo "2254"]
[BlackElo "2356"]
[PlyCount "75"]
[EventDate "2010.03.06"]
[EventType "swiss"]
[EventRounds "11"]
[EventCountry "CRO"]
[Source "lmi"]
[SourceDate "2010.03.06"]

1. d4 g6 2. c4 Bg7 3. e4 d6 4. Nf3 Bg4 5. Be2 Nc6 6. Be3 Bxf3 7. Bxf3 e5 8.
dxe5 dxe5 9. Nc3 Nd4 10. O-O Ne7 11. g3 O-O 12. Bg2 Re8 13. Qd2 Qd7 14. f4 Rad8
15. Qf2 exf4 16. gxf4 Qg4 17. Rad1 c5 18. Kh1 Bf6 19. Nd5 Bh4 20. Qd2 Nec6 21.
b4 b6 22. b5 Ne7 23. Bxd4 cxd4 24. Qxd4 Nxd5 25. cxd5 Rc8 26. Qd3 Rc5 27. e5
Qc8 28. d6 Rd8 29. Bc6 a6 30. a4 a5 31. Rc1 Bf2 32. Rxc5 Bxc5 33. f5 gxf5 34.
d7 Qc7 35. Qxf5 Rf8 36. Rf3 f6 37. Rg3+ Kh8 38. Qg4 1-0

[Event "11. Europa ch 2010 Femenino"]
[Site "Rijeka CRO"]
[Date "2010.03.16"]
[Round "10.38"]
[White "Kashlinskaya, Alina"]
[Black "Ivakhinova, Inna"]
[Result "1-0"]
[WhiteElo "2332"]
[BlackElo "2218"]
[PlyCount "49"]
[EventDate "2010.03.06"]
[EventType "swiss"]
[EventRounds "11"]
[EventCountry "CRO"]
[Source "lmi"]
[SourceDate "2010.03.06"]

1. d4 d5 2. c4 dxc4 3. Nf3 e6 4. e4 b5 5. a4 c6 6. Nc3 b4 7. Ne2 Nf6 8. Ng3 Ba6
9. Be2 c5 10. O-O Nc6 11. e5 Nd5 12. Bg5 Qa5 13. Ne4 cxd4 14. Nxd4 Nxe5 15. Bh5
Ng6 16. Re1 Bb7 17. Qg4 Nc7 18. Rad1 Bd5 19. Nb5 f5 20. Qf4 Kd7 21. Bxg6 hxg6
22. Ned6 Nxb5 23. Nxb5 Rc8 24. Qe5 Rc5 25. Qxe6# 1-0

[Event "11. Europa ch 2010 Femenino"]
[Site "Rijeka CRO"]
[Date "2010.03.16"]
[Round "10.39"]
[White "Papadopoulou, Vera"]
[Black "Vega Gutierrez, Sabrina"]
[Result "0-1"]
[WhiteElo "2228"]
[BlackElo "2314"]
[PlyCount "142"]
[EventDate "2010.03.06"]
[EventType "swiss"]
[EventRounds "11"]
[EventCountry "CRO"]
[Source "lmi"]
[SourceDate "2010.03.06"]

1. d4 d5 2. c4 dxc4 3. Nf3 Nf6 4. e3 Bg4 5. Bxc4 e6 6. O-O Nbd7 7. Nc3 Bb4 8.
h3 Bh5 9. Be2 O-O 10. Qb3 c5 11. Rd1 Qe7 12. Ne5 Rfd8 13. g4 Bg6 14. Nxg6 hxg6
15. Bf3 e5 16. a3 Bxc3 17. bxc3 e4 18. Bg2 b6 19. Rf1 Rac8 20. a4 Nh7 21. f4
exf3 22. Rxf3 Ndf6 23. Bd2 Ng5 24. Rf4 Nfe4 25. Be1 cxd4 26. cxd4 Nc3 27. Bf2
Ne2+ 28. Kf1 Nxf4 29. exf4 Ne6 30. Re1 Qc7 31. f5 Nxd4 32. Bxd4 Rxd4 33. fxg6
Rf8 34. Kg1 Kh8 35. gxf7 Qxf7 36. Qxf7 Rxf7 37. Re8+ Kh7 38. Be4+ g6 39. Re6
Rg7 40. Bc6 Kg8 41. Be8 g5 42. Re5 Rd2 43. Bb5 Rc2 44. Re8+ Kf7 45. Re5 Kf6 46.
Rf5+ Ke6 47. Be8 Kd6 48. Bb5 Rc5 49. Rf2 Rgc7 50. Bd3 Ke5 51. Kg2 Kd4 52. Bf5
Rc4 53. h4 gxh4 54. Kh3 Ke5 55. Kxh4 Rxa4 56. Re2+ Kf4 57. Kh5 Rg7 58. Re8 Rg5+
59. Kh6 Rxf5 60. gxf5 Kxf5 61. Rb8 Re4 62. Rf8+ Ke5 63. Ra8 a5 64. Ra6 Rb4 65.
Kg5 a4 66. Ra7 b5 67. Re7+ Kd5 68. Ra7 Rb2 69. Kf4 a3 70. Ra5 Kd4 71. Ra8 Kc3
0-1

[Event "11. Europa ch 2010 Femenino"]
[Site "Rijeka CRO"]
[Date "2010.03.16"]
[Round "10.40"]
[White "Fakhiridou, Ekaterini"]
[Black "Dolukhanova, Evgeniya"]
[Result "1/2-1/2"]
[WhiteElo "2252"]
[BlackElo "2297"]
[PlyCount "70"]
[EventDate "2010.03.06"]
[EventType "swiss"]
[EventRounds "11"]
[EventCountry "CRO"]
[Source "lmi"]
[SourceDate "2010.03.06"]

1. e4 c5 2. b3 d6 3. Bb5+ Nc6 4. Bb2 e5 5. Ne2 Be7 6. O-O Bf6 7. d3 Nge7 8.
Bxc6+ Nxc6 9. Nbc3 Be6 10. Ng3 O-O 11. Nd5 Bxd5 12. exd5 Ne7 13. c4 Bh4 14. f4
Bxg3 15. hxg3 Nf5 16. Qf3 Nd4 17. Bxd4 exd4 18. Rae1 Re8 19. Re4 Qa5 20. Qe2
Rxe4 21. dxe4 Qc3 22. Rf3 Qa1+ 23. Kh2 f6 24. e5 fxe5 25. fxe5 d3 26. Rxd3 Qxe5
27. Re3 Qf6 28. Re6 Qf8 29. Re7 Qf6 30. Qe6+ Qxe6 31. Rxe6 Kf7 32. Rxd6 Ke7 33.
Re6+ Kd7 34. g4 Rf8 35. Kh3 Rf1 1/2-1/2

[Event "11. Europa ch 2010 Femenino"]
[Site "Rijeka CRO"]
[Date "2010.03.16"]
[Round "10.41"]
[White "Gromova, Iulia"]
[Black "Aginian, Nelly"]
[Result "1/2-1/2"]
[WhiteElo "2226"]
[BlackElo "2296"]
[PlyCount "52"]
[EventDate "2010.03.06"]
[EventType "swiss"]
[EventRounds "11"]
[EventCountry "CRO"]
[Source "lmi"]
[SourceDate "2010.03.06"]

1. d4 d5 2. c4 c6 3. Nf3 Nf6 4. e3 e6 5. b3 Nbd7 6. Bb2 Bd6 7. Bd3 b6 8. O-O
O-O 9. Ne5 Bb7 10. Nd2 c5 11. Qe2 Ne4 12. Rfd1 f5 13. Nxd7 Qxd7 14. f3 Nf6 15.
e4 dxe4 16. fxe4 fxe4 17. Bxe4 Rae8 18. Bxb7 Qxb7 19. Nf3 cxd4 20. Ne5 Ne4 21.
Bxd4 Rf5 22. Re1 Rxe5 23. Bxe5 Bc5+ 24. Kh1 Nf2+ 25. Kg1 Nd3+ 26. Kh1 Nf2+
1/2-1/2

[Event "11. Europa ch 2010 Femenino"]
[Site "Rijeka CRO"]
[Date "2010.03.16"]
[Round "10.43"]
[White "Pavlidou, Ekaterini"]
[Black "Kursova, Maria"]
[Result "0-1"]
[WhiteElo "2135"]
[BlackElo "2296"]
[PlyCount "65"]
[EventDate "2010.03.06"]
[EventType "swiss"]
[EventRounds "11"]
[EventCountry "CRO"]
[Source "lmi"]
[SourceDate "2010.03.06"]

1. d4 Nf6 2. c4 e6 3. Nc3 Bb4 4. Qc2 c5 5. dxc5 O-O 6. a3 Bxc5 7. Nf3 Be7 8.
Bg5 d6 9. e3 Nbd7 10. Be2 a6 11. O-O b6 12. Rfd1 Bb7 13. Rac1 Qc7 14. b4 Rac8
15. Qb2 Qb8 16. h3 Rfd8 17. Bh4 Qa8 18. Bg3 Ne8 19. Qb3 f6 20. Bf1 Bxf3 21.
gxf3 Qxf3 22. Bg2 Qh5 23. Bb7 Rb8 24. Bxa6 Qxh3 25. c5 bxc5 26. Bf1 Qh5 27. Be2
Qh6 28. Bd3 f5 29. b5 Ne5 30. Kf1 Nxd3 31. Rxd3 f4 32. Ne2 fxg3 33. Nf4 0-1

[Event "11. Europa ch 2010 Femenino"]
[Site "Rijeka CRO"]
[Date "2010.03.16"]
[Round "10.44"]
[White "Kopinits, Anna Christina"]
[Black "Kostiuk, Tatiana"]
[Result "0-1"]
[WhiteElo "2183"]
[BlackElo "2294"]
[PlyCount "48"]
[EventDate "2010.03.06"]
[EventType "swiss"]
[EventRounds "11"]
[EventCountry "CRO"]
[Source "lmi"]
[SourceDate "2010.03.06"]

1. e4 Nf6 2. e5 Nd5 3. d4 d6 4. c4 Nb6 5. exd6 exd6 6. Nc3 Be7 7. Bd3 Nc6 8.
Be3 O-O 9. b3 Bf6 10. Nge2 Bg4 11. Qd2 d5 12. c5 Nc8 13. h3 Bxe2 14. Bxe2 Re8
15. O-O-O b6 16. cxb6 axb6 17. Kb1 Nd6 18. Nxd5 Ne4 19. Nxf6+ Qxf6 20. Qb2 Nb4
21. a3 Qg6 22. Rd3 Nxf2 23. axb4 Nxd3 24. Qd2 Nxb4+ 0-1

[Event "11. Europa ch 2010 Femenino"]
[Site "Rijeka CRO"]
[Date "2010.03.16"]
[Round "10.46"]
[White "Foisor, Cristina Adela B"]
[Black "Abdulla, Khayala Mardan Qizi"]
[Result "1-0"]
[WhiteElo "2433"]
[BlackElo "2141"]
[PlyCount "59"]
[EventDate "2010.03.06"]
[EventType "swiss"]
[EventRounds "11"]
[EventCountry "CRO"]
[Source "lmi"]
[SourceDate "2010.03.06"]

1. g3 Nf6 2. Bg2 e6 3. c4 c5 4. Nf3 Nc6 5. O-O Be7 6. d4 cxd4 7. Nxd4 a6 8. Nc3
O-O 9. Nc2 Qc7 10. b3 b6 11. Bb2 Bb7 12. e4 d6 13. Ne3 Ne5 14. Rc1 Rfd8 15. Qe2
Rac8 16. Rfd1 Qb8 17. f4 Ned7 18. g4 Nc5 19. Nf1 Bc6 20. g5 Nfd7 21. h4 Re8 22.
Rd2 Nf8 23. Qg4 b5 24. cxb5 axb5 25. f5 exf5 26. exf5 Bxg2 27. Qxg2 Bd8 28.
Rcd1 Bb6 29. Kh1 b4 30. Nd5 1-0

[Event "11. Europa ch 2010 Femenino"]
[Site "Rijeka CRO"]
[Date "2010.03.16"]
[Round "10.48"]
[White "Makropoulou, Marina"]
[Black "Severiukhina, Zoja"]
[Result "0-1"]
[WhiteElo "2225"]
[BlackElo "2355"]
[PlyCount "74"]
[EventDate "2010.03.06"]
[EventType "swiss"]
[EventRounds "11"]
[EventCountry "CRO"]
[Source "lmi"]
[SourceDate "2010.03.06"]

1. e4 d6 2. d4 Nf6 3. Nc3 g6 4. Be3 c6 5. h3 Nbd7 6. f4 Qa5 7. Bd3 e5 8. Nf3
Bg7 9. O-O O-O 10. Qe1 exd4 11. Bxd4 c5 12. Be3 Re8 13. Rd1 a6 14. a4 Qc7 15.
b3 b6 16. Bc4 Bb7 17. Ng5 Re7 18. Qh4 h6 19. Nf3 Bxe4 20. Nxe4 Rxe4 21. Bc1 d5
22. Bxd5 Nxd5 23. Rxd5 Rae8 24. Qg3 c4 25. Kh1 cxb3 26. cxb3 Nc5 27. Ne5 Rd8
28. Rxd8+ Qxd8 29. Qf3 Qe8 30. Nc4 Qe6 31. Ba3 Nxb3 32. Qxb3 Qxc4 33. Qf3 Qxa4
34. f5 gxf5 35. Qxf5 Qe8 36. Qf2 b5 37. Bc1 b4 0-1

[Event "11. Europa ch 2010 Femenino"]
[Site "Rijeka CRO"]
[Date "2010.03.16"]
[Round "10.49"]
[White "Shaidullina, Sandugach"]
[Black "Motoc, Alina"]
[Result "0-1"]
[WhiteElo "2218"]
[BlackElo "2348"]
[PlyCount "70"]
[EventDate "2010.03.06"]
[EventType "swiss"]
[EventRounds "11"]
[EventCountry "CRO"]
[Source "lmi"]
[SourceDate "2010.03.06"]

1. d4 Nf6 2. c4 g6 3. Nc3 d5 4. Bf4 Bg7 5. e3 c5 6. Bxb8 Rxb8 7. Qa4+ Bd7 8.
Qxa7 cxd4 9. Qxd4 O-O 10. cxd5 Qa5 11. Bc4 Ne4 12. Qxe4 Bxc3+ 13. Kf1 Bxb2 14.
Re1 Bf5 15. Qf4 b5 16. Bb3 Bd3+ 17. Ne2 Qd2 18. Qf3 Rbc8 19. g4 Rc1 20. Rxc1
Bxc1 21. e4 Rc8 22. d6 e6 23. d7 Rd8 24. h4 Rxd7 25. h5 Bb2 26. h6 Rc7 27. e5
Bxe2+ 28. Qxe2 Rc1+ 29. Bd1 Rxd1+ 30. Qxd1 Qxd1+ 31. Kg2 Qxg4+ 32. Kf1 Bd4 33.
Rh2 Bxe5 34. Rh1 Qf3 35. Rh4 Bg3 0-1

[Event "11. Europa ch 2010 Femenino"]
[Site "Rijeka CRO"]
[Date "2010.03.16"]
[Round "10.50"]
[White "Tsatsalashvili, Ketevan"]
[Black "Haast, Anne"]
[Result "1-0"]
[WhiteElo "2326"]
[BlackElo "2235"]
[PlyCount "195"]
[EventDate "2010.03.06"]
[EventType "swiss"]
[EventRounds "11"]
[EventCountry "CRO"]
[Source "lmi"]
[SourceDate "2010.03.06"]

1. d4 Nf6 2. c4 c5 3. d5 e6 4. Nc3 exd5 5. cxd5 d6 6. Nf3 g6 7. g3 Bg7 8. Nd2
O-O 9. Nc4 b6 10. a4 Ng4 11. Nb5 Ne5 12. Nbxd6 Ba6 13. e3 Nxc4 14. Nxc4 Nd7 15.
f3 f5 16. Be2 h5 17. O-O h4 18. Kg2 Nf6 19. Ne5 Bxe2 20. Qxe2 Qe8 21. Nc4 Nxd5
22. Bd2 Qe6 23. Rae1 Rae8 24. Qd3 Qc6 25. Qb3 Kh7 26. Qc2 Kg8 27. Na3 a6 28. b4
Qd7 29. bxc5 bxc5 30. Nc4 Rb8 31. Rb1 Qe6 32. Rfd1 Rfc8 33. a5 Nb4 34. Qb3 Rd8
35. Be1 Rxd1 36. Rxd1 Nc6 37. Qc2 Rd8 38. Rxd8+ Nxd8 39. gxh4 Nf7 40. Bg3 Bf6
41. Qd3 Kg7 42. e4 Bd4 43. exf5 gxf5 44. Bf2 Bxf2 45. Kxf2 Qf6 46. Kg3 Ne5 47.
Qc3 f4+ 48. Kh3 Nxc4 49. Qxc4 Qf5+ 50. Kg2 Qg6+ 51. Kf2 Qd6 52. Qc3+ Kf7 53.
Qb3+ Kf8 54. Qc3 Kf7 55. Ke2 Qe7+ 56. Kd3 Qxh4 57. Qc4+ Kg7 58. Qxc5 Qxh2 59.
Qa7+ Kg8 60. Qxa6 Qh7+ 61. Kd4 Qd7+ 62. Ke4 Qa4+ 63. Kf5 Qc2+ 64. Kxf4 Qc1+ 65.
Ke4 Qe1+ 66. Kf5 Qb1+ 67. Ke5 Qa1+ 68. Kd5 Qd1+ 69. Kc5 Qg1+ 70. Kc6 Qg6+ 71.
Kb7 Qf7+ 72. Kb6 Qe6+ 73. Ka7 Qe7+ 74. Qb7 Qc5+ 75. Qb6 Qe7+ 76. Ka8 Qa3 77.
Qg6+ Kf8 78. Qf6+ Ke8 79. Qc6+ Kd8 80. a6 Qa1 81. f4 Qb1 82. Ka7 Qf5 83. Qa8+
Kd7 84. Qb7+ Kd8 85. Qb8+ Kd7 86. Ka8 Qa5 87. a7 Qf5 88. Qe5 Qb1 89. Qd5+ Kc7
90. f5 Qb4 91. Qe5+ Kd7 92. Qg7+ Kc8 93. Qg8+ Kd7 94. Qf7+ Kd8 95. f6 Qd4 96.
Qe7+ Kc8 97. Qe8+ Kc7 98. Qb8+ 1-0

[Event "11. Europa ch 2010 Femenino"]
[Site "Rijeka CRO"]
[Date "2010.03.16"]
[Round "10.51"]
[White "Hoolt, Sarah"]
[Black "Paikidze, Nazi"]
[Result "1-0"]
[WhiteElo "2215"]
[BlackElo "2322"]
[PlyCount "87"]
[EventDate "2010.03.06"]
[EventType "swiss"]
[EventRounds "11"]
[EventCountry "CRO"]
[Source "lmi"]
[SourceDate "2010.03.06"]

1. e4 c6 2. d4 d5 3. e5 Bf5 4. Nc3 e6 5. g4 Bg6 6. Nge2 Ne7 7. Nf4 h5 8. gxh5
Bf5 9. Be3 Nd7 10. Rg1 a6 11. Nce2 Qb6 12. b3 c5 13. c3 cxd4 14. cxd4 Nc6 15.
Ng3 Bb4+ 16. Ke2 Bh7 17. Kf3 Bc3 18. Nge2 Bxa1 19. Qxa1 Be4+ 20. Kg3 Ne7 21.
Bh3 O-O-O 22. Nc3 Bf5 23. Na4 Qa5 24. Qc1+ Kb8 25. Bd2 Qc7 26. Qxc7+ Kxc7 27.
Bb4 Nc8 28. Bxf5 exf5 29. Nxd5+ Kb8 30. Nf4 b6 31. Nc3 Kb7 32. Kf3 Rh7 33. Rg5
Na7 34. Bd6 Rc8 35. Nfd5 Nc6 36. Ke3 f4+ 37. Kd3 f3 38. Rf5 Nd8 39. Ne7 Ra8 40.
Ne4 f6 41. exf6 gxf6 42. Nxf6 Nxf6 43. Rxf6 Nf7 44. Bf4 1-0